Learning with Technology /

Publicado desde 1946 y hasta 2000, el anuario de la Association for Supervision and Curriculum Development ofreció, año tras año, una obra monográfica sobre algún tema propuesto para su estudio por los miembros de la misma asociación. En la presente edición se analizan proyectos y experiencias que i...

Fuld beskrivelse

Guardado en:
Bibliografiske detaljer
Andre forfattere: Dede, Chris (edición) (edición)
Format: Bog
Sprog:engelsk
Udgivet: Alexandria, EUA : Association for Supervision and Curriculum Development, 1998, c1998
Serier:(ASCD Yearbook)
Fag:
Tags: Tilføj Tag
Ingen Tags, Vær først til at tagge denne postø!

MARC

LEADER 00000nam^a2200000^a^4500
001 000267172
005 20250620000000.0
009 20260310110814.573
020 |a 0-87120-298-0 
025 |a Donación Anita Nielsen, 1 ejemplar 
037 |a Acervo ITESO - Biblioteca 
041 |a ING 
082 |a 370. 3  |b ASCD 1998 
240 1 1 |a [Association for Supervision and Curriculum Development Yearbook] 
240 1 1 |a [Aprendiendo con tecnología] 
245 0 0 |a Learning with Technology /  |c Ed. de C. Dede. 
264 4 |a Alexandria, EUA :  |b Association for Supervision and Curriculum Development,  |c 1998, c1998 
300 |a X, 226 p. 
336 |a texto  |b txt  |2 rdacontenido 
337 |a sin mediación  |b n  |2 rdamedio 
338 |a volumen  |b nc  |2 rdasoporte 
440 1 |a (ASCD Yearbook) 
520 |a Publicado desde 1946 y hasta 2000, el anuario de la Association for Supervision and Curriculum Development ofreció, año tras año, una obra monográfica sobre algún tema propuesto para su estudio por los miembros de la misma asociación. En la presente edición se analizan proyectos y experiencias que involucran el uso de la tecnología en situaciones de enseñanza y de aprendizaje. 
649 |a XX 
650 |a Computadoras en la Educación 
650 |a Tecnologías de Comunicación e Información 
650 |a Tecnología Educativa -  |x Tema Principal 
650 |a Apoyos Didácticos 
650 |a Proceso Educativo 
650 |a Metodología Educativa 
650 |a Educación Especial 
650 |a Educación a Distancia 
650 |a Educación -  |x Publicaciones Periódicas Norteamericanas -  |x Tema Principal 
650 |a Publicaciones Periódicas Norteamericanas 
700 |a Dede, Chris  |e (edición) 
910 |a Fondo General 
920 |a Impresos - Libros 
930 |a Colección General 
905 |a 101 
901 |a 0500150734  |b IT1  |c ACC  |d DT  |i D  |u 20250620 
902 |a https://opac.biblio.iteso.mx/vufind/Record/000267172